000 02850nam0a2200385 4500
001 RU\NLR\BIBL_A\012740248
005 20240911105500.0
021 _aRU
_bКН-П-21-087832
_9КН-П-21-7001
035 _a(NLR Aleph) 012740248
035 _a(RuMoRGB)010919949
090 _a13000092
_c13000092
100 _a20220324d2021 u y0rusy50 ca
101 0 _arus
102 _aRU
105 _aac||j|||000zy
181 0 _ai2
_bab2e
181 0 _ab2
_bbb2e
182 0 _an
200 1 _aОсобенности изготовок для стрельбы с использованием нестандартных положений при применении короткоствольного огнестрельного оружия
_eучебное наглядное пособие
_eдля сотрудников органов внутренних дел Российской Федерации, сотрудников Федеральной службы войск национальной гвардии Российской Федерации, профессорско-преподавательского состава и слушателей образовательных организаций МВД России
_fВ. В. Карпушкин, А. Ш. Бибиев, Ю. Г. Ященко
_gМВД России, Всероссийский институт повышения квалификации сотрудников МВД России, Брянский филиал
203 _aТекст
_aИзображение
_bвизуальные
_cнепосредственные
210 _aДомодедово
_cВИПК МВД России
_d2021
215 _a51 с.
_cил.
_d20
300 _aНа обороте тит. с. авт.: В. В. Карпушкин - проф., канд. юрид. наук, А. Ш. Бабиев - доц., канд. юрид. наук, Ю. Г. Ященко - доц., канд. пед. наук
320 _aБиблиогр.: с. 51 (10 назв.)
606 1 _aПистолеты боевые
_jУчебные издания
_xСтрельба
_xОбучение
_92263645
_3RU\NLR\AUTH\661357084
606 1 _aОрганы внутренних дел
_jУчебные издания
_xКадры
_xОгневая подготовка
_yРоссийская Федерация
_92279886
_3RU\NLR\AUTH\661366006
686 1 _aЦ521.23-91я7
686 1 _aХ621.163.01я7-7
700 1 _aКарпушкин
_bВ. В.
_gВладимир Владимирович
701 1 _aБибиев
_bА. Ш.
_cканд. юрид. наук
_gАхмед Шайхиевич
_9271733
_3RU\NLR\AUTH\770271789
701 1 _aЯщенко
_bЮ. Г.
_gЮрий Григорьевич
942 _cBOOK
980 _aNB